Extremes of the Universe Quiz Stats

Quiz not verified by Sporcle

Challenge
Share
Tweet
Embed
Score 0/24 Timer 08:00
0 Plays Today
Hint Extreme % Correct
What is the warmest ocean?Indian Ocean
69.4%
What is the hottest planet in the solar system?Venus
69.4%
Most Popes per square km?Vatican City
66.7%
What is the highest mountain?Mount Everest
63.9%
Planet with the shortest day?Jupiter
58.3%
World's largest island?Greenland
50%
Driest desert on Earth?Atacama Desert, Chile
33.3%
Largest city by population?Shanghai, China
30.6%
Highest density country in the world?Monaco
25%
Highest region in the world?Tibet
22.2%
Windiest place on Earth?Commonwealth Bay, Antarctica
19.4%
Country with the lowest death rate in the world?UAE
19.4%
Hint Extreme % Correct
What is the largest volcano?Mauna Loa, Hawaii
16.7%
Richest country? (Highest GNP)Luxembourg
16.7%
Fastest bird in a dive?Peregrine Falcon
13.9%
Country with the highest birth rate?Niger
11.1%
Largest man-made lake/reservoir?Lake Mead, Nevada
8.3%
Largest egg laid by an animal?Whale Shark
5.6%
Who has been struck by lightning the most times?Roy Sullivan
5.6%
Largest meteorite crater?Winslow, Arizona
5.6%
Country with the largest natural-growth walnut forest?Kyrgyzstan
5.6%
Biggest artefact in the universe?International Space Station
5.6%
Where is the deepest man-made hole?Kola Peninsula
2.8%
Wettest place on Earth?Lloro, Colombia
2.8%

You're not logged in!

Compare scores with friends on all Sporcle quizzes.
Sign Up with Email
OR
Log In

You Might Also Like...

Show Comments

Extras

Top Quizzes Today


Score Distribution

Your Account Isn't Verified!

In order to create a playlist on Sporcle, you need to verify the email address you used during registration. Go to your Sporcle Settings to finish the process.

Report this User

Report this user for behavior that violates our Community Guidelines.

Details: